Paroles "Llamame" - Violetta - Statistiques

Statistiques générales
  • Ce quiz a été pris 16 fois
  • Le résultat moyen est 93 sur 166
Statistiques - réponses
Réponse % Correct
Y
92%
y
92%
Llámame
83%
a
75%
boy)
75%
estaré
75%
(Oh
75%
estaré
75%
estaré)
75%
estaré,
75%
girl)
75%
la
75%
(Oh
75%
oh
75%
Quiero
75%
quiero
75%
se
75%
ser
75%
ser,
75%
Si
75%
sol
75%
te
75%
tu
75%
ahí
67%
Ahí
67%
ahí
67%
(ahí
67%
Por
67%
por
67%
que
67%
ti
67%
ti,
67%
el
58%
luz
58%
tus
58%
Tus
58%
al
50%
como
50%
De
50%
así
50%
día
50%
mar
50%
siempre
50%
cada
42%
colores
42%
Cuando
42%
canción
42%
guía
42%
seguro
42%
Yeah,
42%
yeah
42%
mano,
42%
penas
42%
poder
42%
problemas
42%
seguro
42%
tener
42%
tengas
42%
vida
42%
yo
42%
Yo
42%
(Yo
42%
acudiré
33%
andar
33%
dar
33%
acompañarte
33%
mañana
33%
donde
33%
Juntos
33%
lavar,
33%
letras
33%
mañana
33%
me
33%
Tan
33%
tan
33%
dejas
25%
jardín
25%
saldrá
25%
sueños
25%
estén,
25%
mil
25%
mundo
25%
rimar
25%
sabes
25%
saldrá
25%
no
17%
pierdes
17%
Pintaré
17%
gris,
8%
hoy
8%
sientes
8%
vuelve
8%
(¡wuh!)
0%
(jaja)
0%
Aucun quiz correspondant
Distribution des résultats
% des personnes avec chaque résultat
Percentile par nombre de réponses
Votre historique - résultats
Vous n’avez pas pris ce quiz